Štátna pomoc v Slovenskej republike a v Európskej únii - významný pilier súťažnej politiky
Štátna pomoc v Slovenskej republike. Monitorovanie poskytovania aj využívania štátnej pomoci. Kritériá definície štátnej pomoci. Formy štátnej pomoci. Poskytovanie štátnej pomoci podľa schém. Údaje o štátnej pomoci poskytnutej v SR v rokoch 2001-2005. Postavenie a význam štátnej pomoci v politike oc...
Saved in:
| Main Author: | |
|---|---|
| Format: | Book Chapter |
| Language: | Slovak |
| Subjects: | |
| Tags: |
No Tags, Be the first to tag this record!
|
MARC
| LEADER | 00000nla$a2200000$$$4500 | ||
|---|---|---|---|
| 001 | 0066926 | ||
| 005 | 20240502071811.3 | ||
| 041 | 0 | |a slo | |
| 044 | |a SK | ||
| 245 | 1 | 0 | |a Štátna pomoc v Slovenskej republike a v Európskej únii - významný pilier súťažnej politiky |c Mária Tokárová |
| 520 | |a Štátna pomoc v Slovenskej republike. Monitorovanie poskytovania aj využívania štátnej pomoci. Kritériá definície štátnej pomoci. Formy štátnej pomoci. Poskytovanie štátnej pomoci podľa schém. Údaje o štátnej pomoci poskytnutej v SR v rokoch 2001-2005. Postavenie a význam štátnej pomoci v politike ochrany hospodárskej súťaže v Európskej únii. Vývoj objemu štátnej pomoci v EÚ za roky 1994-2004. | ||
| 610 | 2 | 0 | |a pomoc štátna |
| 610 | 2 | 0 | |a financovanie |
| 610 | 2 | 0 | |a financie |
| 610 | 2 | 0 | |a subvencie |
| 610 | 2 | 0 | |a podnikanie |
| 610 | 2 | 0 | |a súťaž hospodárska |
| 610 | 2 | 0 | |a legislatíva |
| 610 | 2 | 0 | |a trh |
| 610 | 2 | 0 | |a konkurencieschopnosť |
| 610 | 2 | 0 | |a Slovensko |
| 610 | 2 | 0 | |a Európska únia |
| 100 | 1 | |a Tokárová, Mária | |